Az erdélyi művészetről. (A barátság kohéziója. A Barabás Miklós Céh vásárhelyi kiállításán)

Elmentve itt :
Bibliográfiai részletek
Szerző: JAKOBOVITS Miklós
Adatforrás:Meister
Forrásdokumentuma:Korunk. -
12 sz., 1997, 90-91 p.
Nyelv:magyar
Kulcsszavak:esztétika
erdélyi művészet
művészet (erdélyi)
Marosvásárhely
NAGY Imre (festő)
TAMÁSI Áron
Barabás Miklós Céh (BMC)
LEADER 00619nab a2200193 i 4500
001 bibPRO00009021
008 060524s1997 xx hun
040 |a Sz1 
041 |a hun 
100 1 |a JAKOBOVITS Miklós 
245 1 3 |a Az erdélyi művészetről. (A barátság kohéziója. A Barabás Miklós Céh vásárhelyi kiállításán)  |c JAKOBOVITS Miklós 
695 |a esztétika 
695 |a erdélyi művészet 
695 |a művészet (erdélyi) 
695 |a Marosvásárhely 
695 |a NAGY Imre (festő) 
695 |a TAMÁSI Áron 
695 |a Barabás Miklós Céh (BMC) 
773 0 |t Korunk. -  |g 12 sz., 1997, 90-91 p.